[Event "Tradewise Hastings Masters 15-16"]
[Site "Hastings, England"]
[Date "2015.12.29"]
[Round "2.26"]
[White "Ledger, Dave J"]
[Black "Lochte, Thomas"]
[Result "1-0"]
[WhiteElo "2212"]
[BlackElo "2082"]
[PlyCount "79"]
[EventDate "2015.??.??"]

1. e4 c6 2. d4 d5 3. e5 c5 4. dxc5 e6 5. a3 Bxc5 6. b4 Qc7 7. Nf3 Bb6 8. Bb2
Ne7 9. Bd3 Nbc6 10. O-O Ng6 11. Re1 Bd7 12. Nbd2 a5 13. b5 Nce7 14. a4 Nf4 15.
Bf1 Nf5 16. Nb3 g5 17. Rc1 g4 18. Nfd4 Rg8 19. c4 Bxd4 20. Nxd4 Qc5 21. Nxf5
exf5 22. g3 dxc4 23. Bd4 Qe7 24. gxf4 Qh4 25. Bg2 Rg6 26. Be3 Be6 27. Re2 Rh6
28. Bxb7 Qxh2+ 29. Kf1 Rd8 30. Bc6+ Bd7 31. Bg2 c3 32. Qb3 Be6 33. Qxc3 Qh1+
34. Bxh1 Rxh1+ 35. Kg2 Bd5+ 36. f3 Bxf3+ 37. Kf2 Rh2+ 38. Kf1 Rxe2 39. e6 fxe6
40. Qc4 1-0

[Event "Tradewise Hastings Masters 15-16"]
[Site "Hastings, England"]
[Date "2015.12.29"]
[Round "2.27"]
[White "Roberts, Paul"]
[Black "Gaudeau, Valentin"]
[Result "1/2-1/2"]
[WhiteElo "2197"]
[BlackElo "2080"]
[PlyCount "66"]
[EventDate "2015.??.??"]

1. d4 f5 2. Bg5 g6 3. Nc3 Bg7 4. h4 d5 5. e3 Nh6 6. Nf3 Nf7 7. Bf4 e6 8. Nb5
Na6 9. c4 c6 10. Nc3 Nb8 11. Qc2 O-O 12. Be2 Nd7 13. O-O-O b6 14. Kb1 Bb7 15.
cxd5 cxd5 16. Ng5 Nxg5 17. hxg5 a6 18. Bd6 Rf7 19. f4 b5 20. Bf3 Nb6 21. Be5
Nc4 22. Qf2 Rc8 23. Ne2 Qa5 24. Nc1 Bxe5 25. dxe5 Rfc7 26. Nb3 Qb6 27. Nd4 b4
28. g4 a5 29. gxf5 exf5 30. Rdg1 Na3+ 31. Ka1 Nc2+ 32. Kb1 Na3+ 33. Ka1 Nc2+
1/2-1/2

[Event "Tradewise Hastings Masters 15-16"]
[Site "Hastings, England"]
[Date "2015.12.29"]
[Round "2.28"]
[White "Waddington, Mike P"]
[Black "Gluckman, David"]
[Result "0-1"]
[WhiteElo "2066"]
[BlackElo "2219"]
[PlyCount "54"]
[EventDate "2015.??.??"]

1. Nc3 d5 2. d4 Nf6 3. Bg5 e6 4. e4 dxe4 5. Nxe4 Be7 6. Bxf6 gxf6 7. Bd3 f5 8.
Ng3 c5 9. dxc5 Nd7 10. c6 bxc6 11. Nf3 Qb6 12. Rb1 Nc5 13. O-O h5 14. Ne5 h4
15. Ne2 Bf6 16. Nc4 Qd8 17. f4 Rg8 18. Rf3 Ba6 19. Qf1 Bxc4 20. Bxc4 Ne4 21.
Rd1 Nd2 22. Rxd2 Qxd2 23. Qb1 Rd8 24. Rd3 Rxd3 25. Bxd3 Qe3+ 26. Kf1 h3 27. g3
Qf3+ 0-1

[Event "Tradewise Hastings Masters 15-16"]
[Site "Hastings, England"]
[Date "2015.12.29"]
[Round "2.29"]
[White "Byron, Alan M"]
[Black "Brown, Thomas"]
[Result "1-0"]
[WhiteElo "2175"]
[BlackElo "2066"]
[PlyCount "75"]
[EventDate "2015.??.??"]

1. c4 g6 2. g3 Nf6 3. Bg2 c6 4. Nf3 Bg7 5. O-O O-O 6. d4 d5 7. Nbd2 Bf5 8. Qb3
Qb6 9. c5 Qc7 10. Nb1 Nbd7 11. Bf4 Qc8 12. Nh4 Be6 13. Nf3 b6 14. cxb6 axb6 15.
Na3 Ne4 16. Rac1 Qb7 17. Rfd1 b5 18. Ng5 Nxg5 19. Bxg5 Nb6 20. Qb4 f6 21. Bf4
Ra4 22. Qc5 Rc8 23. b3 Ra7 24. Nc2 Bf8 25. Nb4 Bg4 26. Nxc6 Bd7 27. Nxe7+ Kg7
28. Nxc8 Bxc5 29. Nxa7 Be7 30. Rc7 Qa8 31. Nxb5 g5 32. Ra7 Qf8 33. Bc7 Nc8 34.
Rb7 Bc6 35. Rb8 Qe8 36. Na7 Bd7 37. Nxc8 Bxc8 38. Bh3 1-0

[Event "Tradewise Hastings Masters 15-16"]
[Site "Hastings, England"]
[Date "2015.12.29"]
[Round "2.30"]
[White "Norton, Craig"]
[Black "ter Steeg, Marcus"]
[Result "0-1"]
[WhiteElo "2146"]
[BlackElo "2036"]
[PlyCount "74"]
[EventDate "2015.??.??"]

1. d4 c5 2. d5 g6 3. Nc3 Bg7 4. e4 a6 5. a4 d6 6. Nf3 Nf6 7. Be2 h6 8. h3 O-O
9. O-O e5 10. Nd2 Nh7 11. Nc4 Qc7 12. a5 Nd7 13. Na4 f5 14. Nab6 Nxb6 15. Nxb6
Rb8 16. f3 Nf6 17. Qd3 Nh5 18. Nxc8 Rbxc8 19. Kh2 c4 20. Qe3 Nf4 21. Ra4 Nxe2
22. Qxe2 fxe4 23. Qxe4 Rf5 24. g4 Rf6 25. g5 hxg5 26. Bxg5 Rf5 27. h4 Qf7 28.
Kg3 c3 29. bxc3 Rxc3 30. Rc4 Rxc4 31. Qxc4 Bf6 32. Bxf6 Rxf6 33. Qc8+ Kg7 34.
Rb1 Rxf3+ 35. Kg2 b5 36. axb6 Rf2+ 37. Kg1 Qf3 0-1

[Event "Tradewise Hastings Masters 15-16"]
[Site "Hastings, England"]
[Date "2015.12.29"]
[Round "2.31"]
[White "Golding, James"]
[Black "Singh, Vishnu"]
[Result "1-0"]
[WhiteElo "1882"]
[BlackElo "2180"]
[PlyCount "116"]
[EventDate "2015.??.??"]

1. d4 Nf6 2. c4 e6 3. Nf3 b6 4. e3 Bb7 5. Bd3 Be7 6. O-O O-O 7. Nbd2 d5 8. b3
Nbd7 9. Bb2 c5 10. Rc1 Rc8 11. Qe2 Qc7 12. Ne5 Ne4 13. Nxd7 Qxd7 14. Rfd1 Nxd2
15. Rxd2 Bf6 16. Ba3 Rfd8 17. dxc5 Qe7 18. cxd5 Bxd5 19. Rdc2 bxc5 20. Bxc5 Qd7
21. Bb5 Bc6 22. Bxc6 Rxc6 23. h3 Be5 24. b4 h6 25. a4 Rc7 26. b5 Qd5 27. a5
Rcd7 28. g3 Qb3 29. b6 axb6 30. Bxb6 Rb8 31. Rc8+ Rxc8 32. Rxc8+ Kh7 33. Qc2+
Qxc2 34. Rxc2 Rd1+ 35. Kg2 Ra1 36. Kf3 Ra3 37. Rc8 Bd6 38. Ra8 Bb4 39. a6 Ba5
40. Bc5 Rc3 41. a7 Rxc5 42. Re8 Be1 43. a8=Q Rf5+ 44. Ke2 Bxf2 45. Rh8+ Kg6 46.
Qe4 Bxg3 47. Rc8 Kf6 48. Rc1 Rf2+ 49. Kd3 Rf5 50. Qg2 Rd5+ 51. Ke2 Be5 52. Rd1
Rb5 53. Qf2+ Ke7 54. Qh4+ f6 55. Qg4 f5 56. Qh4+ Bf6 57. Qc4 Re5 58. Qc7+ Kf8
1-0

[Event "Tradewise Hastings Masters 15-16"]
[Site "Hastings, England"]
[Date "2015.12.29"]
[Round "2.32"]
[White "Goater, Kevin P"]
[Black "Hand, Freddie"]
[Result "0-1"]
[WhiteElo "2141"]
[BlackElo "1878"]
[PlyCount "62"]
[EventDate "2015.??.??"]

1. Nf3 d5 2. d4 Nf6 3. e3 Bg4 4. h3 Bxf3 5. Qxf3 c6 6. Nd2 Nbd7 7. g4 h6 8. h4
Qa5 9. c3 O-O-O 10. g5 hxg5 11. hxg5 Rxh1 12. Qxh1 Ne8 13. Bh3 Nd6 14. Nb3 Qb6
15. Bxd7+ Rxd7 16. Qh3 e6 17. Nc5 Re7 18. b3 Re8 19. f3 Nb5 20. Na4 Qa5 21. Bd2
Qa6 22. Qf1 Ba3 23. Rb1 Rh8 24. Bc1 Qa5 25. Bd2 Qa6 26. Bc1 Rh2 27. Bd2 Nxd4
28. Qxa6 Nxf3+ 29. Kf1 Nxd2+ 30. Kg1 Nf3+ 31. Kf1 bxa6 0-1

[Event "Tradewise Hastings Masters 15-16"]
[Site "Hastings, England"]
[Date "2015.12.29"]
[Round "2.33"]
[White "Gibbs, Daniel C"]
[Black "Crocker, Philip J"]
[Result "1/2-1/2"]
[WhiteElo "1796"]
[BlackElo "2169"]
[PlyCount "99"]
[EventDate "2015.??.??"]

1. e4 Nf6 2. e5 Nd5 3. d4 d6 4. Nf3 dxe5 5. dxe5 Bg4 6. Be2 Nc6 7. O-O e6 8. c4
Nb6 9. b3 Qxd1 10. Rxd1 Nxe5 11. Nxe5 Bxe2 12. Re1 Bh5 13. g4 Bg6 14. f4 Bc5+
15. Be3 Bxe3+ 16. Rxe3 O-O 17. Nc3 Rad8 18. Nb5 c6 19. Nxa7 Ra8 20. Naxc6 bxc6
21. Nxc6 Ra3 22. Ne7+ Kh8 23. c5 Nc8 24. Nc6 Kg8 25. Nd4 Rd8 26. Nb5 Ra8 27. a4
Kf8 28. Rae1 Bc2 29. f5 Bxb3 30. Rxb3 Rxa4 31. fxe6 Rxg4+ 32. Rg3 Rxg3+ 33.
hxg3 Rd5 34. exf7 Rxc5 35. Nd4 Kxf7 36. Rf1+ Kg6 37. Kg2 Nd6 38. Ne6 Rc3 39.
Kh3 Ne4 40. Nf8+ Kh6 41. Kg4 Nf6+ 42. Kf5 Rc5+ 43. Ke6 Kg5 44. Rh1 h5 45. Re1
Kg4 46. Re3 Rg5 47. Kf7 Nd5 48. Rd3 Nf6 49. Ne6 Rd5 50. Rxd5 1/2-1/2

[Event "Tradewise Hastings Masters 15-16"]
[Site "Hastings, England"]
[Date "2015.12.29"]
[Round "2.34"]
[White "Cafferty, Bernard"]
[Black "Dennis, Nigel W"]
[Result "1-0"]
[WhiteElo "2096"]
[BlackElo "1820"]
[PlyCount "61"]
[EventDate "2015.??.??"]

1. Nf3 d5 2. b3 c5 3. e3 Nf6 4. Bb2 e6 5. d4 Nc6 6. Nbd2 cxd4 7. exd4 Be7 8.
Bd3 a6 9. O-O b5 10. Re1 O-O 11. Ne5 Bb7 12. a3 Qb6 13. Ndf3 a5 14. c3 b4 15.
cxb4 axb4 16. a4 Na5 17. Rc1 Rfc8 18. Ng5 Rxc1 19. Bxc1 Ba6 20. Ngxf7 Bxd3 21.
Qxd3 Ne4 22. f3 Nc3 23. Bg5 Qa7 24. h4 Bf6 25. Nh6+ gxh6 26. Bxf6 Nxb3 27. Ng4
Re8 28. Qe3 Kf8 29. Qxh6+ Kg8 30. Qg5+ Kf8 31. Nh6 1-0

[Event "Tradewise Hastings Masters 15-16"]
[Site "Hastings, England"]
[Date "2015.12.29"]
[Round "2.35"]
[White "Stonehouse, Tom H"]
[Black "Tarhon, Brian"]
[Result "0-1"]
[WhiteElo "1778"]
[BlackElo "2139"]
[PlyCount "74"]
[EventDate "2015.??.??"]

1. e4 c5 2. Nf3 e6 3. Be2 a6 4. a4 b6 5. O-O Bb7 6. d3 Be7 7. Bf4 d6 8. Nbd2
Nf6 9. Nc4 b5 10. axb5 axb5 11. Ne3 Nc6 12. d4 Rxa1 13. Qxa1 cxd4 14. Nd1 e5
15. Bg5 Qb6 16. Bxf6 Bxf6 17. c3 O-O 18. Qa3 b4 19. Qb3 Bc8 20. cxd4 exd4 21.
Ne1 Be6 22. Qg3 Ra8 23. Nd3 Ne5 24. f4 Nc4 25. f5 Bd7 26. N1f2 Ne3 27. Rc1 Rc8
28. Rxc8+ Bxc8 29. h3 Ba6 30. Qf3 Be5 31. Ng4 Nxg4 32. Qxg4 h6 33. Qf3 Qa5 34.
g4 b3 35. h4 Qd2 36. Nf4 Bxe2 37. Nxe2 d3 0-1

[Event "Tradewise Hastings Masters 15-16"]
[Site "Hastings, England"]
[Date "2015.12.29"]
[Round "2.36"]
[White "Helbig, Paul D"]
[Black "Brooke, John"]
[Result "1-0"]
[WhiteElo "2122"]
[BlackElo "1770"]
[PlyCount "59"]
[EventDate "2015.??.??"]

1. e4 d6 2. d4 Nf6 3. Nc3 g6 4. f4 Bg7 5. Nf3 c5 6. dxc5 Qa5 7. Qd4 Qxc5 8.
Qxc5 dxc5 9. e5 Nfd7 10. Nd5 Kd8 11. Ng5 Rf8 12. Nxh7 Rh8 13. Ng5 Rf8 14. e6
Nf6 15. Nxf6 exf6 16. Nxf7+ Ke7 17. f5 gxf5 18. Bf4 Bxe6 19. Nd6 Nc6 20. Bc4
Ne5 21. Bxe6 Kxe6 22. Nxb7 Rfc8 23. O-O-O Rc6 24. Nd8+ Rxd8 25. Rxd8 Rd6 26.
Rxd6+ Kxd6 27. Rd1+ Ke6 28. Rd8 Ke7 29. Rc8 c4 30. Rc7+ 1-0

[Event "Tradewise Hastings Masters 15-16"]
[Site "Hastings, England"]
[Date "2015.12.29"]
[Round "2.37"]
[White "Macrae, James S"]
[Black "Oyama, Akito"]
[Result "0-1"]
[WhiteElo "1693"]
[BlackElo "2005"]
[PlyCount "92"]
[EventDate "2015.??.??"]

1. b3 c5 2. Bb2 Nc6 3. e3 d5 4. d4 Nf6 5. Nf3 cxd4 6. exd4 Bf5 7. Bd3 Bxd3 8.
Qxd3 e6 9. O-O Be7 10. Nbd2 O-O 11. a4 a6 12. c3 Rc8 13. Ba3 Bxa3 14. Rxa3 Rc7
15. b4 Qd6 16. Raa1 Rfc8 17. Nb3 e5 18. Nxe5 Nxe5 19. dxe5 Qxe5 20. Qd4 Qxd4
21. cxd4 Rc4 22. Rfc1 h6 23. f3 Ne8 24. Rxc4 Rxc4 25. a5 Rxb4 26. Nc5 Nd6 27.
Ra4 Rxa4 28. Nxa4 Nc4 29. Nc3 Nxa5 30. Nxd5 Nc6 31. Nb6 Nxd4 32. Kf2 Ne6 33.
Ke3 Kf8 34. Ke4 Ke7 35. Kd5 Nf4+ 36. Kc5 Nxg2 37. Nd5+ Ke6 38. Nc7+ Ke5 39. Kb6
Ne1 40. Kxb7 Nxf3 41. h3 a5 42. Nb5 f5 43. Kb6 Ng1 44. h4 f4 45. Kxa5 f3 46.
Kb6 f2 0-1

[Event "Tradewise Hastings Masters 15-16"]
[Site "Hastings, England"]
[Date "2015.12.29"]
[Round "2.38"]
[White "Spanton, Tim R"]
[Black "Kearsley, Raymond J"]
[Result "1-0"]
[WhiteElo "1936"]
[BlackElo "1723"]
[PlyCount "29"]
[EventDate "2015.??.??"]

1. d4 Nf6 2. Nc3 d5 3. Bg5 Nbd7 4. Nf3 e6 5. e4 dxe4 6. Nxe4 Be7 7. Bxf6 Nxf6
8. Bd3 Nxe4 9. Bxe4 Bf6 10. Qd3 g6 11. Bxb7 Bxb7 12. Qb5+ Kf8 13. Qxb7 Rb8 14.
Qxa7 Rxb2 15. Qa3+ 1-0

[Event "Tradewise Hastings Masters 15-16"]
[Site "Hastings, England"]
[Date "2015.12.29"]
[Round "2.39"]
[White "Evans, Helen I"]
[Black "Young, Mel J"]
[Result "0-1"]
[WhiteElo "1577"]
[BlackElo "1901"]
[PlyCount "66"]
[EventDate "2015.??.??"]

1. e4 c5 2. Nc3 d6 3. f4 Nc6 4. Nf3 Nf6 5. Bb5 Bd7 6. Bc4 e6 7. d3 Be7 8. O-O
O-O 9. e5 Ne8 10. Kh1 a6 11. a3 Qc7 12. Qe1 d5 13. Ba2 b5 14. Ne2 b4 15. axb4
Nxb4 16. Bb1 d4 17. Qg3 Bc6 18. f5 exf5 19. Bh6 Kh8 20. Bd2 Nd5 21. Ba2 Qd7 22.
Ng5 Bxg5 23. Qxg5 g6 24. Qg3 Ndc7 25. Bh6 Rg8 26. Qg5 Ne6 27. Bxe6 fxe6 28. Qh4
g5 29. Bxg5 Qg7 30. Bf6 Nxf6 31. Qxf6 Qxf6 32. exf6 Rxg2 33. Nf4 Rg4+ 0-1

[Event "Tradewise Hastings Masters 15-16"]
[Site "Hastings, England"]
[Date "2015.12.29"]
[Round "2.40"]
[White "Wilson, Matthew R"]
[Black "Dean, Michael J"]
[Result "1-0"]
[WhiteElo "1877"]
[BlackElo "1562"]
[Annotator "Carr,Matthew"]
[PlyCount "49"]
[EventDate "2015.??.??"]

1. e4 e5 2. Nf3 Nc6 3. Bc4 Be7 4. c3 Nf6 5. d3 h6 6. Bb3 d6 7. Nbd2 O-O 8. Nf1
d5 9. Qe2 dxe4 10. dxe4 Bd6 11. h3 Na5 12. Bc2 Be6 13. b3 Qd7 14. g4 Nh7 15.
Ng3 Nc6 16. Nh4 Be7 17. Nhf5 Bxf5 18. Nxf5 Bg5 19. h4 Bxc1 20. Rxc1 Ne7 21. g5
Nxf5 22. exf5 Qc6 23. Be4 Qb6 24. Rg1 hxg5 25. hxg5 {The remainder of the
scoresheet is illegible (1-0, 48)} 1-0

[Event "Tradewise Hastings Masters 15-16"]
[Site "Hastings, England"]
[Date "2015.12.29"]
[Round "2.41"]
[White "Elliston, Robert"]
[Black "Ruane, Brendan J"]
[Result "1/2-1/2"]
[WhiteElo "2097"]
[BlackElo "1794"]
[PlyCount "61"]
[EventDate "2015.??.??"]

1. c4 e5 2. g3 Nc6 3. Bg2 a6 4. Nc3 Bb4 5. e3 Bxc3 6. dxc3 d6 7. Ne2 Nge7 8.
O-O Be6 9. b3 Qd7 10. e4 h5 11. f4 Bh3 12. Rf2 Bxg2 13. Rxg2 f5 14. Qd3 O-O-O
15. Be3 h4 16. Rf1 fxe4 17. Qxe4 Nf5 18. Bc1 hxg3 19. hxg3 Nh6 20. f5 Rdf8 21.
g4 Ng8 22. g5 Nge7 23. Ng3 Rh3 24. Bd2 Nd8 25. c5 Nec6 26. cxd6 Qxd6 27. Be3
Rfh8 28. f6 gxf6 29. gxf6 Nf7 30. b4 b6 31. Qc4 1/2-1/2